| 000 | 01064nam a22003371 4500 | ||
|---|---|---|---|
| 001 | 21146 | ||
| 003 | CZ PrNK | ||
| 005 | 20260217155417.0 | ||
| 007 | ta | ||
| 008 | 020316s1955 xo g 000 f slo | ||
| 040 |
_aABA001 _bcze _cABA001 _dABA001 |
||
| 041 | 1 |
_aslo _hhrv |
|
| 072 | 7 |
_a821.163 _xJihoslovanské literatury _2Konspekt |
|
| 080 |
_a821.163.42-31 _2MRF |
||
| 080 |
_a(0:82-311.6) _2MRF |
||
| 100 | 1 |
_aŠenoa, August, _d1838-1881 _4aut |
|
| 245 | 1 | 0 |
_aSedliacke povstanie / _cAugust Šenoa ; prel. a pozn. sprac. Andrej Vrbacký |
| 250 | _a1. vyd. | ||
| 260 |
_aBratislava : _bSVKL, _c1955 |
||
| 300 |
_a363 s. ; _c8° |
||
| 490 | 1 |
_aEdícia svetových klasikov ; _vzv. 48 |
|
| 500 | _aPřeloženo z chorvatštiny | ||
| 500 | _a3300 výt. | ||
| 655 | 7 |
_achorvatské romány _2czenas |
|
| 655 | 7 |
_ahistorické romány _2czenas |
|
| 700 | 1 |
_aVrbacký, Andrej, _d1908-1974 _4trl |
|
| 765 | 0 | _tSeljačka buna | |
| 830 | 0 | _aEdícia svetových klasikov (Slovenské vydavateľstvo krásnej literatúry) | |
| 910 | _aABA001 | ||
| 942 |
_2ddc _cKLDO _n0 |
||
| 999 |
_c21146 _d21146 |
||